Largest Cities in Illinois with Exceptions - Statistics

General Stats
  • This quiz has been taken 49 times
  • The average score is 5 of 15
Answer Stats
Population Municipality % Correct
2,704,958 Chicago
100%
147,122 Naperville
68%
86,637 Champaign
60%
88,182 Waukegan
50%
74,446 Schaumburg
43%
74,518 Bolingbrook
33%
64,270 Skokie
33%
58,141 Des Plaines
20%
68,766 Palatine
20%
49,473 Downers Grove
18%
51,738 Hoffman Estates
18%
56,831 Tinley Park
15%
56,257 Oak Lawn
13%
43,815 Lombard
5%
54,171 Mount Prospect
3%
No matching quizzes found
Score Distribution
Percent of People with Each Score
Percentile by Number Answered
Your Score History
You have not taken this quiz